How Do Regional Economies Respond to Crises? The Geography of Job Creation and Destruction in Sweden (1990–2010)
Analýza, ako regionálne ekonomiky reagujú na krízy. Zistenia naznačujú, že napriek stabilnému národnému rastu zamestnanosti sa len tri metropolitné regióny úplne zotavili z recesie v roku 1990. Poukázanie na vysokú úroveň vytvárania pracovných miest a rušenia miest v klesajúcich aj rozširujúcich sa...
Saved in:
| Main Author: | |
|---|---|
| Other Authors: | |
| Format: | Book Chapter |
| Language: | English |
| Subjects: | |
| Tags: |
No Tags, Be the first to tag this record!
|
MARC
| LEADER | 00000naa a2200000 4500 | ||
|---|---|---|---|
| 001 | 0254475 | ||
| 005 | 20221104111408.3 | ||
| 041 | 0 | |a eng | |
| 044 | |a GB | ||
| 245 | 1 | 0 | |a How Do Regional Economies Respond to Crises? The Geography of Job Creation and Destruction in Sweden (1990–2010) |c Rikard Eriksson, Emelie Hane-Weijman |
| 520 | |a Analýza, ako regionálne ekonomiky reagujú na krízy. Zistenia naznačujú, že napriek stabilnému národnému rastu zamestnanosti sa len tri metropolitné regióny úplne zotavili z recesie v roku 1990. Poukázanie na vysokú úroveň vytvárania pracovných miest a rušenia miest v klesajúcich aj rozširujúcich sa regiónoch a odvetviach. Je naznačené, že dlhodobý vývoj regionálnych ekonomík ovplyvňuje aj ich budúca odolnosť. | ||
| 610 | 2 | 0 | |a Švédsko |
| 610 | 2 | 0 | |a ekonomika regionálna |
| 610 | 2 | 0 | |a kríza |
| 610 | 2 | 0 | |a sily pracovné |
| 610 | 2 | 0 | |a zamestnanosť |
| 100 | 1 | |a Eriksson, Rikard | |
| 700 | 1 | |a Hane-Weijman, Emelie | |